عرض عادي عرض مارك

مدخل Personal Name

عدد التسجيلات المستخدمة في: 1

001 - CONTROL NUMBER

  • control field: 10540

003 - CONTROL NUMBER IDENTIFIER

  • control field: DLC

005 - DATE AND TIME OF LATEST TRANSACTION

  • control field: 20260118125921.0

008 - FIXED-LENGTH DATA ELEMENTS

  • fixed length control field: 811014n| azannaabn |b aaa

010 ## - LIBRARY OF CONGRESS CONTROL NUMBER

  • LC control number: n 81092136

035 ## - SYSTEM CONTROL NUMBER

  • System control number: (OCoLC)oca00637324

040 ## - CATALOGING SOURCE

  • Original cataloging agency: DLC
  • Language of cataloging: eng
  • Description conventions: rda
  • Transcribing agency: DLC
  • Modifying agency: OCoLC
  • Modifying agency: DLC
  • Modifying agency: IEN
  • Modifying agency: DLC

046 ## - SPECIAL CODED DATES

  • Start period: 05

053 #0 - LC CLASSIFICATION NUMBER

  • Classification number element-single number or beginning number of span: PJ7696.A53

100 0# - HEADING--PERSONAL NAME

  • Personal name: عنترة العبسى
  • Dates associated with a name: active 6th century

400 1# - SEE FROM TRACING--PERSONAL NAME

  • Personal name: ʻAbsī, ʻAntarah ibn Shaddād,
  • Dates associated with a name: active 6th century

400 0# - SEE FROM TRACING--PERSONAL NAME

  • Personal name: ʻAntar ibn Shaddād,
  • Dates associated with a name: active 6th century

400 0# - SEE FROM TRACING--PERSONAL NAME

  • Personal name: ʻAntara ibn Shaddād,
  • Dates associated with a name: active 6th century

400 0# - SEE FROM TRACING--PERSONAL NAME

  • Control subfield: nnea
  • Personal name: ʻAntarah ibn Shaddād,
  • Dates associated with a name: 6th cent.

400 0# - SEE FROM TRACING--PERSONAL NAME

  • Control subfield: nnaa
  • Personal name: ʻAntarah ibn Shaddād,
  • Titles and other words associated with a name: al-ʻAbsī

400 0# - SEE FROM TRACING--PERSONAL NAME

  • Personal name: ʻAntarah ibn Shaddād al-ʻAbsī,
  • Dates associated with a name: active 6th century

400 0# - SEE FROM TRACING--PERSONAL NAME

  • Personal name: عنترة ابن شداد

400 0# - SEE FROM TRACING--PERSONAL NAME

  • Personal name: عنترة بن شداد

400 0# - SEE FROM TRACING--PERSONAL NAME

  • Personal name: عنترة بن شداد،
  • Dates associated with a name: active 6th century

400 0# - SEE FROM TRACING--PERSONAL NAME

  • Personal name: عنترة بن شداد،
  • Dates associated with a name: cent th6

400 0# - SEE FROM TRACING--PERSONAL NAME

  • Personal name: عنترة بن شداد،
  • Dates associated with a name: القرن 6

400 0# - SEE FROM TRACING--PERSONAL NAME

  • Personal name: عنترة بن شداد،
  • Dates associated with a name: القرن السادس

400 0# - SEE FROM TRACING--PERSONAL NAME

  • Personal name: عنتره بن شداد،
  • Dates associated with a name: cent th6

500 ## - SEE ALSO FROM TRACING--PERSONAL NAME

  • Personal name: ʻAntarah ibn Shaddād

670 ## - SOURCE DATA FOUND

  • Source citation: Ahlwardt, W. The divans of the six ancient Arabic poets ... 1870

670 ## - SOURCE DATA FOUND

  • Source citation: EI2
  • Information found: (ʻAntara b. Shaddād)

670 ## - SOURCE DATA FOUND

  • Source citation: War songs, 2018:
  • Information found: ECIP t.p. (Antarah ibn Shaddad)

905 ## - cataloger

  • cataloger: Auth_BKS
Cairo University Libraries Portal Implemented & Customized by: Eng. M. Mohamady Contacts: new-lib@cl.cu.edu.eg | cnul@cl.cu.edu.eg
CUCL logo CNUL logo
© All rights reserved — Cairo University Libraries
CUCL logo
Implemented & Customized by: Eng. M. Mohamady Contact: new-lib@cl.cu.edu.eg © All rights reserved — New Central Library
CNUL logo
Implemented & Customized by: Eng. M. Mohamady Contact: cnul@cl.cu.edu.eg © All rights reserved — Cairo National University Library